000 00752nam a2200229Ia 4500
008 191130s1999##################000#0#eng##
020 _a9780262621274
022 _a98050265
040 _aACL
_cACL
082 _a337 LIP
245 _aTheory and structure in international political economy : an international organization reader
_cedited by Charles Lipson and Benjamin J. Cohen
260 _aCambridge, MA
_bMIT Press
_c1999
300 _a426 p. ; 24 cm.
500 _aIncludes bibliographical references
650 _aInternational economic relations
650 _aInternational relations
700 _aCohen, Benjamin J
700 _aLipson, Charles
990 _aa0ba8f1eac10000c43aa424aa3f79bfa
991 _a214301
999 _c77367
_d77367